| 000 | 00382nam a2200145Ia 4500 | ||
|---|---|---|---|
| 008 | 240307s9999||||xx |||||||||||||| ||und|| | ||
| 020 | _a9789388756211 | ||
| 082 |
_a610 _bMan/P |
||
| 100 | _aKatual,Manoj | ||
| 245 | 0 | _aPractical Manual of Computer Applications in Pharmacy | |
| 250 | _a1st Edition | ||
| 260 |
_aAgra _bR.Narain Pub & Distributors |
||
| 300 | _a55p. | ||
| 942 | _cBK | ||
| 999 |
_c43306 _d43306 |
||